000 02516cam a2200277 4500500
005 20260208005047.0
041 _afre
042 _adc
100 1 0 _aDutoit, Thomas
_eauthor
245 0 0 _aJust … Mimesis : Jack Hitt's Act V
260 _c2013.
500 _a71
520 _aLe présent article s’appuie sur le cours que donna Derrida en 1967-8, « Littérature et vérité : le concept de mimesis », largement inédit mais qui constitue le soubassement de « La Mythologie blanche » (1969) et, de façon plus centrale encore pour le sujet abordé ici, celui de « La Double séance » (1969). Il a également été suscité par la lecture de divers écrits de Philippe Lacoue-Labarthe qui jouent un rôle de premier plan dans l’ouvrage de Richard Anker, Henry James. Le principe spectral de la représentation ; ce dernier informe l’ensemble de la réflexion présentée ici.Les recherches que je conduis actuellement sur l’emprisonnement et la peine de mort m’ont incité à traiter la question de la mimesis à travers l’analyse d’ Act V de Jack Hitt, dont le sujet est la mise en scène d’Hamlet dans une prison du Missouri (Eastern Missouri Correctional Facility). Bien que plusieurs ouvrages aient récemment abordé le rôle du théâtre en prison comme moyen de réinsertion, aucun d’entre eux n’a soulevé la question du jeu d’acteur en lien avec la mimesis, ni conceptualisé les enjeux de la mimesis pour la littérature, la vérité et l’éthique, alors même que la mimesis « en tant que telle » aurait pu justement se réduire à l’adage théâtral et ludique (play-full) de Shakespeare, « All the world’s a stage », le monde incluant ici la prison. Or la question de savoir si le monde inclut ou non la prison est précisément soulevée à la fois par Act V et par l’analyse du concept de mimesis. Le présent essai s’efforce donc d’examiner la mimesis dans son rapport aux questions spécifiques que le contexte carcéral permet d’identifier.
690 _aaméricain
690 _aJack Hitt
690 _amimesis
690 _asystème carcéral
690 _athéâtre
690 _aAmerican prison
690 _aJack Hitt
690 _amimesis
690 _asystem
690 _atheatre
786 0 _nRevue française d’études américaines | 135 | 1 | 2013-11-01 | p. 94-109 | 0397-7870
856 4 1 _uhttps://shs.cairn.info/revue-francaise-d-etudes-americaines-2013-1-page-94?lang=en&redirect-ssocas=7080
999 _c1650387
_d1650387